Specimens of early Malayalam (Record no. 1007232)

MARC details
000 -LEADER
fixed length control field 00657nam a2200229Ia 4500
003 - CONTROL NUMBER IDENTIFIER
control field OSt
005 - DATE AND TIME OF LATEST TRANSACTION
control field 20240827112853.0
008 - FIXED-LENGTH DATA ELEMENTS--GENERAL INFORMATION
fixed length control field 221004b |||||||| |||| 00| 0 kan d
037 ## - SOURCE OF ACQUISITION
Terms of availability Textual
040 ## - CATALOGING SOURCE
Original cataloging agency CRL
Transcribing agency CRL
Language of cataloging kan
041 ## - LANGUAGE CODE
Source of code kan
Language code of text/sound track or separate title kan
100 ## - MAIN ENTRY--PERSONAL NAME
Personal name Aiyar S. Parameswara Au.
9 (RLIN) 622542
245 #0 - TITLE STATEMENT
Title Specimens of early Malayalam
260 ## - PUBLICATION, DISTRIBUTION, ETC.
Place of publication, distribution, etc. Trivandrum
Name of publisher, distributor, etc. Bhaskara press India
Date of publication, distribution, etc. 1916
650 ## - SUBJECT ADDED ENTRY--TOPICAL TERM
Topical term or geographic name entry element MALAYALAM LITERATURE
9 (RLIN) 38866
942 ## - ADDED ENTRY ELEMENTS (KOHA)
Classification part O32:gA, E6.1
Koha item type Textual
Holdings
Withdrawn status Lost status Source of classification or shelving scheme Damaged status Not for loan Home library Current library Date acquired Serial Enumeration / chronology Total Checkouts Full call number Barcode Date last seen Price effective from Koha item type
    Dewey Decimal Classification     Central Library Central Library 2022-10-05 V.1   O32:gA E6.1 CL0129745 2022-10-05 2022-10-05 Textual
Copyright @ Delhi University Library System